[Event "Deutsche Ländermeisterschaft 2021"]
[Site "Neumünster GER"]
[Date "2021.10.02"]
[Round "1"]
[White "Bauer, Laura Sophie"]
[Black "Sickmann, Lisa"]
[Result "0-1"]
[Termination "normal"]
[Board "1.8"]
[WhiteElo "1357"]
[BlackElo "1531"]
[WhiteClock "00:09:47"]
[BlackClock "01:11:15"]
[WhiteTeam "Bayern"]
[BlackTeam "Schleswig-Holstein"]
[PlyCount "94"]
[WhiteFideId "16253647"]
[BlackFideId "16267818"]
[EventCountry "GER"]
[EventRounds "7"]
[EventType "team-swiss"]
[EventDate "2021.10.01"]

1. e4 {[%clk 1:30:30]} e5 {[%clk 1:30:30]} 2. Nf3 {[%clk 1:30:30]} Nc6 {[%clk
1:30:30]} 3. Bb5 {[%clk 1:30:30]} a6 {[%clk 1:30:30]} 4. Ba4 {[%clk 1:30:30]}
Nf6 {[%clk 1:30:54]} 5. O-O {[%clk 1:31:15]} b5 {[%clk 1:30:52]} 6. Bb3 {[%clk
1:31:39]} Bc5 {[%clk 1:29:39]} 7. c3 {[%clk 1:31:05]} Nxe4 {[%clk 1:27:28]} 8.
d4 {[%clk 1:28:43]} exd4 {[%clk 1:26:44]} 9. cxd4 {[%clk 1:28:12]} Be7 {[%clk
1:26:47]} 10. Ne5 {[%clk 1:11:09]} Nxe5 {[%clk 1:24:11]} 11. Qh5 {[%clk
1:02:07]} Bb7 {[%clk 1:14:44]} 12. dxe5 {[%clk 0:58:27]} O-O {[%clk 1:14:12]}
13. Bc2 {[%clk 0:54:46]} f5 {[%clk 1:13:52]} 14. Nc3 {[%clk 0:42:52]} Qe8
{[%clk 1:11:59]} 15. Qxe8 {[%clk 0:38:53]} Raxe8 {[%clk 1:11:47]} 16. Nxe4
{[%clk 0:38:19]} fxe4 {[%clk 1:11:22]} 17. Rd1 {[%clk 0:33:23]} Bc5 {[%clk
1:11:16]} 18. Be3 {[%clk 0:31:55]} Bxe3 {[%clk 1:11:05]} 19. fxe3 {[%clk
0:32:18]} Bc6 {[%clk 1:10:24]} 20. Bb3+ {[%clk 0:29:56]} Kh8 {[%clk 1:10:45]}
21. Rf1 {[%clk 0:30:08]} a5 {[%clk 1:10:06]} 22. Rxf8+ {[%clk 0:27:50]} Rxf8
{[%clk 1:10:33]} 23. Rf1 {[%clk 0:27:27]} Rxf1+ {[%clk 1:10:27]} 24. Kxf1
{[%clk 0:27:50]} a4 {[%clk 1:10:09]} 25. Bc2 {[%clk 0:24:42]} Kg8 {[%clk
1:10:19]} 26. Kf2 {[%clk 0:22:46]} Kf7 {[%clk 1:10:28]} 27. Kg3 {[%clk
0:22:25]} g5 {[%clk 1:08:00]} 28. Kg4 {[%clk 0:22:24]} Kg6 {[%clk 1:08:22]} 29.
h4 {[%clk 0:20:24]} h5+ {[%clk 1:08:48]} 30. Kg3 {[%clk 0:20:24]} Kf5 {[%clk
1:09:00]} 31. hxg5 {[%clk 0:19:48]} Kxg5 {[%clk 1:09:19]} 32. Kh3 {[%clk
0:19:44]} Bd5 {[%clk 1:08:51]} 33. g3 {[%clk 0:17:10]} c5 {[%clk 1:07:50]} 34.
b3 {[%clk 0:16:25]} axb3 {[%clk 1:07:47]} 35. axb3 {[%clk 0:16:46]} c4 {[%clk
1:08:04]} 36. bxc4 {[%clk 0:16:02]} bxc4 {[%clk 1:08:22]} 37. Bd1 {[%clk
0:15:11]} c3 {[%clk 1:08:10]} 38. Bc2 {[%clk 0:13:45]} Be6+ {[%clk 1:08:22]}
39. Kg2 {[%clk 0:13:54]} Kf5 {[%clk 1:08:45]} 40. Kh3 {[%clk 0:13:58]} Kxe5+
{[%clk 1:09:08]} 41. Kh4 {[%clk 0:14:05]} Bg4 {[%clk 1:09:16]} 42. Kg5 {[%clk
0:14:08]} d5 {[%clk 1:09:34]} 43. Kg6 {[%clk 0:09:42]} d4 {[%clk 1:09:56]} 44.
exd4+ {[%clk 0:09:39]} Kxd4 {[%clk 1:10:14]} 45. Bxe4 {[%clk 0:09:10]} Kxe4
{[%clk 1:10:30]} 46. Kg5 {[%clk 0:09:25]} c2 {[%clk 1:10:51]} 47. Kh4 {[%clk
0:09:47]} Bf5 {[%clk 1:11:15]} 0-1

[Event "Deutsche Ländermeisterschaft 2021"]
[Site "Neumünster GER"]
[Date "2021.10.02"]
[Round "1"]
[White "Krastev, Alexander"]
[Black "Reuker, Jari"]
[Result "0-1"]
[Termination "normal"]
[Board "2.1"]
[WhiteTitle "FM"]
[WhiteElo "2393"]
[BlackElo "2404"]
[WhiteClock "00:00:38"]
[BlackClock "00:00:59"]
[WhiteTeam "Nordrhein-Westfalen"]
[BlackTeam "SG Bremen / Niedersachsen"]
[PlyCount "154"]
[WhiteFideId "12989983"]
[BlackFideId "12909300"]
[EventCountry "GER"]
[EventRounds "7"]
[EventType "team-swiss"]
[EventDate "2021.10.01"]

1. e4 {[%clk 1:30:57]} e5 {[%clk 1:30:53]} 2. Nf3 {[%clk 1:31:12]} Nc6 {[%clk
1:31:16]} 3. Bc4 {[%clk 1:31:37]} Bc5 {[%clk 1:31:38]} 4. c3 {[%clk 1:32:01]}
Nf6 {[%clk 1:32:01]} 5. d3 {[%clk 1:32:27]} O-O {[%clk 1:32:23]} 6. O-O {[%clk
1:31:33]} d6 {[%clk 1:32:41]} 7. Bb3 {[%clk 1:31:38]} a5 {[%clk 1:33:01]} 8.
Re1 {[%clk 1:31:23]} h6 {[%clk 1:31:47]} 9. Nbd2 {[%clk 1:31:18]} Be6 {[%clk
1:32:12]} 10. Ba4 {[%clk 1:16:06]} Qb8 {[%clk 1:27:34]} 11. Nf1 {[%clk
1:12:47]} b5 {[%clk 1:14:14]} 12. Bc2 {[%clk 1:12:09]} Qb6 {[%clk 1:13:31]} 13.
Be3 {[%clk 1:11:29]} Bxe3 {[%clk 1:11:22]} 14. Nxe3 {[%clk 1:10:55]} a4 {[%clk
1:09:40]} 15. a3 {[%clk 1:10:18]} Rfe8 {[%clk 1:05:29]} 16. Nh4 {[%clk
1:05:31]} g6 {[%clk 0:53:37]} 17. Qf3 {[%clk 1:02:41]} Kg7 {[%clk 0:53:05]} 18.
Rad1 {[%clk 0:52:53]} Rad8 {[%clk 0:52:08]} 19. h3 {[%clk 0:52:25]} Ne7 {[%clk
0:40:13]} 20. d4 {[%clk 0:35:59]} Bc8 {[%clk 0:36:25]} 21. d5 {[%clk 0:19:53]}
c6 {[%clk 0:34:47]} 22. g4 {[%clk 0:19:49]} Bb7 {[%clk 0:32:20]} 23. Rd2 {[%clk
0:18:14]} Qc5 {[%clk 0:29:55]} 24. Red1 {[%clk 0:15:08]} Nh7 {[%clk 0:25:58]}
25. Nhg2 {[%clk 0:12:51]} cxd5 {[%clk 0:22:44]} 26. exd5 {[%clk 0:13:08]} Ng8
{[%clk 0:21:08]} 27. Qg3 {[%clk 0:10:51]} Ngf6 {[%clk 0:20:05]} 28. h4 {[%clk
0:10:23]} Bc8 {[%clk 0:17:51]} 29. Kh1 {[%clk 0:08:30]} h5 {[%clk 0:14:24]} 30.
g5 {[%clk 0:07:38]} Nd7 {[%clk 0:13:14]} 31. f3 {[%clk 0:03:49]} Re7 {[%clk
0:11:15]} 32. Re2 {[%clk 0:03:22]} Rde8 {[%clk 0:11:10]} 33. Ne1 {[%clk
0:01:11]} Qb6 {[%clk 0:09:03]} 34. Be4 {[%clk 0:00:39]} Nc5 {[%clk 0:06:14]}
35. Nd3 {[%clk 0:01:05]} Nxd3 {[%clk 0:06:08]} 36. Bxd3 {[%clk 0:00:55]} Nf8
{[%clk 0:05:54]} 37. Rde1 {[%clk 0:00:44]} Nd7 {[%clk 0:04:35]} 38. Bc2 {[%clk
0:00:50]} Qc5 {[%clk 0:03:44]} 39. Kh2 {[%clk 0:00:46]} Bb7 {[%clk 0:03:00]}
40. Be4 {[%clk 0:00:49]} Nb6 {[%clk 0:02:22]} 41. Rd2 {[%clk 0:00:32]} Bc8
{[%clk 0:23:15]} 42. Qg1 {[%clk 0:26:13]} Rf8 {[%clk 0:20:42]} 43. Rg2 {[%clk
0:25:31]} Bb7 {[%clk 0:19:04]} 44. Rd1 {[%clk 0:21:05]} Rc8 {[%clk 0:16:53]}
45. Qf2 {[%clk 0:19:39]} Qc7 {[%clk 0:15:18]} 46. Qe2 {[%clk 0:18:09]} Qd7
{[%clk 0:14:37]} 47. Qf2 {[%clk 0:15:52]} Rc5 {[%clk 0:11:33]} 48. Qg3 {[%clk
0:06:19]} Qe8 {[%clk 0:09:49]} 49. Rf2 {[%clk 0:06:20]} Kg8 {[%clk 0:07:40]}
50. Qg2 {[%clk 0:05:47]} Bc8 {[%clk 0:07:17]} 51. Rdf1 {[%clk 0:05:08]} Ba6
{[%clk 0:03:23]} 52. Rd1 {[%clk 0:05:10]} Qb8 {[%clk 0:03:25]} 53. Qg3 {[%clk
0:04:08]} Bc8 {[%clk 0:02:42]} 54. Nc2 {[%clk 0:03:36]} Bd7 {[%clk 0:02:12]}
55. Nb4 {[%clk 0:03:52]} Qc8 {[%clk 0:02:17]} 56. f4 {[%clk 0:01:03]} Rc4
{[%clk 0:00:52]} 57. Bd3 {[%clk 0:01:26]} e4 {[%clk 0:00:32]} 58. Bxc4 {[%clk
0:01:02]} Nxc4 {[%clk 0:00:58]} 59. Re1 {[%clk 0:01:07]} Qc5 {[%clk 0:00:33]}
60. Rfe2 {[%clk 0:00:55]} Bf5 {[%clk 0:00:44]} 61. Nc6 {[%clk 0:00:34]} Re8
{[%clk 0:01:09]} 62. Nb4 {[%clk 0:00:36]} e3 {[%clk 0:01:16]} 63. Rd1 {[%clk
0:00:32]} Bg4 {[%clk 0:01:33]} 64. Qg2 {[%clk 0:00:47]} Nxb2 {[%clk 0:01:11]}
65. Rd4 {[%clk 0:00:42]} Bxe2 {[%clk 0:01:34]} 66. Qxe2 {[%clk 0:01:09]} Qxc3
{[%clk 0:01:22]} 67. Nc2 {[%clk 0:01:03]} Nc4 {[%clk 0:01:20]} 68. Rd3 {[%clk
0:01:27]} Qb2 {[%clk 0:01:38]} 69. Kg3 {[%clk 0:01:35]} Qc1 {[%clk 0:00:52]}
70. Rd1 {[%clk 0:01:49]} Qb2 {[%clk 0:01:18]} 71. Rd3 {[%clk 0:02:09]} Kf8
{[%clk 0:01:14]} 72. Nd4 {[%clk 0:01:15]} Qa1 {[%clk 0:00:50]} 73. Kg2 {[%clk
0:00:49]} Re4 {[%clk 0:00:49]} 74. Rd1 {[%clk 0:00:34]} Qxa3 {[%clk 0:00:46]}
75. Kf3 {[%clk 0:00:40]} Re8 {[%clk 0:00:52]} 76. Nxb5 {[%clk 0:01:01]} Qc5
{[%clk 0:00:59]} 77. Nd4 {[%clk 0:00:38]} Nd2+ {[%clk 0:00:59]} *

[Event "Deutsche Ländermeisterschaft 2021"]
[Site "Neumünster GER"]
[Date "2021.10.02"]
[Round "1"]
[White "Wachinger, Nikolas"]
[Black "Gutkin, Ilya"]
[Result "1-0"]
[Termination "normal"]
[Board "2.2"]
[BlackTitle "FM"]
[WhiteElo "2361"]
[BlackElo "2300"]
[WhiteClock "00:03:32"]
[BlackClock "00:01:12"]
[WhiteTeam "SG Bremen / Niedersachsen"]
[BlackTeam "Nordrhein-Westfalen"]
[PlyCount "75"]
[WhiteFideId "12962791"]
[BlackFideId "16203470"]
[EventCountry "GER"]
[EventRounds "7"]
[EventType "team-swiss"]
[EventDate "2021.10.01"]

1. e4 {[%clk 1:30:53]} e6 {[%clk 1:30:45]} 2. d4 {[%clk 1:31:11]} d5 {[%clk
1:31:10]} 3. e5 {[%clk 1:31:33]} c5 {[%clk 1:31:24]} 4. c3 {[%clk 1:31:48]} Nc6
{[%clk 1:31:29]} 5. Nf3 {[%clk 1:32:05]} Qb6 {[%clk 1:25:07]} 6. Be2 {[%clk
1:32:02]} Bd7 {[%clk 1:24:35]} 7. O-O {[%clk 1:30:57]} a5 {[%clk 1:09:59]} 8.
Na3 {[%clk 1:14:54]} cxd4 {[%clk 1:08:24]} 9. Nb5 {[%clk 1:06:58]} a4 {[%clk
0:33:12]} 10. Bf4 {[%clk 0:50:02]} Ra5 {[%clk 0:23:00]} 11. Nfxd4 {[%clk
0:45:37]} Nxd4 {[%clk 0:22:07]} 12. Nxd4 {[%clk 0:45:58]} Ne7 {[%clk 0:19:33]}
13. b4 {[%clk 0:42:01]} axb3 {[%clk 0:15:04]} 14. Rb1 {[%clk 0:33:23]} Ng6
{[%clk 0:08:47]} 15. Rxb3 {[%clk 0:17:14]} Qc7 {[%clk 0:09:11]} 16. Bg3 {[%clk
0:17:37]} Bc5 {[%clk 0:06:35]} 17. Qd2 {[%clk 0:12:24]} O-O {[%clk 0:05:38]}
18. Rfb1 {[%clk 0:12:28]} b6 {[%clk 0:05:18]} 19. R3b2 {[%clk 0:07:21]} Ra7
{[%clk 0:03:07]} 20. Qe3 {[%clk 0:02:53]} Rfa8 {[%clk 0:02:45]} 21. h4 {[%clk
0:01:36]} Rxa2 {[%clk 0:01:38]} 22. h5 {[%clk 0:01:49]} Ne7 {[%clk 0:01:30]}
23. Bd3 {[%clk 0:02:11]} Rxb2 {[%clk 0:01:15]} 24. Rxb2 {[%clk 0:02:38]} h6
{[%clk 0:00:41]} 25. Bf4 {[%clk 0:02:29]} Nc6 {[%clk 0:00:53]} 26. Qg3 {[%clk
0:01:35]} Ra1+ {[%clk 0:00:48]} 27. Kh2 {[%clk 0:01:52]} Kf8 {[%clk 0:00:43]}
28. Nb3 {[%clk 0:00:40]} Ra8 {[%clk 0:00:34]} 29. Nxc5 {[%clk 0:00:42]} bxc5
{[%clk 0:01:00]} 30. Qe3 {[%clk 0:01:02]} Na5 {[%clk 0:00:31]} 31. Bxh6 {[%clk
0:00:56]} gxh6 {[%clk 0:00:32]} 32. Qxh6+ {[%clk 0:01:23]} Ke7 {[%clk 0:00:42]}
33. Qg5+ {[%clk 0:01:45]} Kf8 {[%clk 0:00:47]} 34. h6 {[%clk 0:01:59]} Qd8
{[%clk 0:01:14]} 35. Qg7+ {[%clk 0:02:20]} Ke8 {[%clk 0:01:17]} 36. Qh8+ {[%clk
0:02:42]} Ke7 {[%clk 0:01:28]} 37. Qf6+ {[%clk 0:03:07]} Kf8 {[%clk 0:01:12]}
38. h7 {[%clk 0:03:32]} 1-0

[Event "Deutsche Ländermeisterschaft 2021"]
[Site "Neumünster GER"]
[Date "2021.10.02"]
[Round "1"]
[White "Runte, Moritz"]
[Black "Colbow, Collin"]
[Result "1-0"]
[Termination "normal"]
[Board "2.3"]
[BlackTitle "FM"]
[WhiteElo "2151"]
[BlackElo "2329"]
[WhiteClock "00:01:43"]
[BlackClock "00:00:41"]
[WhiteTeam "Nordrhein-Westfalen"]
[BlackTeam "SG Bremen / Niedersachsen"]
[PlyCount "75"]
[WhiteFideId "12991449"]
[BlackFideId "16201132"]
[EventCountry "GER"]
[EventRounds "7"]
[EventType "team-swiss"]
[EventDate "2021.10.01"]

1. e4 {[%clk 1:30:56]} e5 {[%clk 1:30:52]} 2. Nf3 {[%clk 1:31:14]} Nc6 {[%clk
1:31:09]} 3. Bc4 {[%clk 1:30:47]} Bc5 {[%clk 1:31:33]} 4. c3 {[%clk 1:30:34]}
Nf6 {[%clk 1:31:58]} 5. d4 {[%clk 1:29:52]} exd4 {[%clk 1:32:09]} 6. e5 {[%clk
1:30:00]} d5 {[%clk 1:28:41]} 7. Bb5 {[%clk 1:30:16]} Ne4 {[%clk 1:28:29]} 8.
cxd4 {[%clk 1:30:18]} Bb6 {[%clk 1:26:38]} 9. Nc3 {[%clk 1:26:04]} O-O {[%clk
1:16:52]} 10. Be3 {[%clk 1:24:36]} Bg4 {[%clk 1:11:24]} 11. h3 {[%clk 1:23:42]}
Bxf3 {[%clk 1:06:42]} 12. gxf3 {[%clk 1:21:27]} Nxc3 {[%clk 1:06:36]} 13. bxc3
{[%clk 1:21:48]} Na5 {[%clk 0:58:04]} 14. Rg1 {[%clk 0:59:12]} Qh4 {[%clk
0:49:09]} 15. Bg5 {[%clk 0:55:06]} Qh5 {[%clk 0:35:05]} 16. Bf6 {[%clk
0:52:28]} g6 {[%clk 0:32:15]} 17. Rg4 {[%clk 0:46:43]} c6 {[%clk 0:30:05]} 18.
Bd3 {[%clk 0:34:51]} Bd8 {[%clk 0:29:02]} 19. Rh4 {[%clk 0:33:52]} Qxh4 {[%clk
0:29:20]} 20. Bxh4 {[%clk 0:34:17]} Bxh4 {[%clk 0:29:46]} 21. f4 {[%clk
0:31:49]} f5 {[%clk 0:27:20]} 22. Qa4 {[%clk 0:27:02]} b6 {[%clk 0:26:10]} 23.
Rc1 {[%clk 0:16:31]} Rfd8 {[%clk 0:21:33]} 24. Ke2 {[%clk 0:13:52]} Kh8 {[%clk
0:20:08]} 25. Ke3 {[%clk 0:11:37]} Rd7 {[%clk 0:17:46]} 26. c4 {[%clk 0:05:58]}
dxc4 {[%clk 0:15:38]} 27. Bxc4 {[%clk 0:06:12]} Rad8 {[%clk 0:15:02]} 28. Rd1
{[%clk 0:06:16]} Kg7 {[%clk 0:02:14]} 29. Be6 {[%clk 0:05:07]} Re7 {[%clk
0:02:23]} 30. d5 {[%clk 0:04:51]} cxd5 {[%clk 0:00:44]} 31. Rxd5 {[%clk
0:04:59]} Rxd5 {[%clk 0:00:37]} 32. Bxd5 {[%clk 0:05:22]} Rc7 {[%clk 0:00:33]}
33. Qe8 {[%clk 0:04:10]} Be7 {[%clk 0:00:49]} 34. Kf3 {[%clk 0:03:11]} Bc5
{[%clk 0:00:39]} 35. Qd8 {[%clk 0:03:05]} Re7 {[%clk 0:00:52]} 36. h4 {[%clk
0:02:23]} Kh6 {[%clk 0:00:35]} 37. Kg3 {[%clk 0:02:10]} Kg7 {[%clk 0:00:41]}
38. h5 {[%clk 0:01:43]} 1-0

[Event "Deutsche Ländermeisterschaft 2021"]
[Site "Neumünster GER"]
[Date "2021.10.02"]
[Round "1"]
[White "Schulze, Lara"]
[Black "Bashylina, Luisa"]
[Result "1-0"]
[Termination "normal"]
[Board "2.4"]
[WhiteTitle "FM"]
[BlackTitle "WCM"]
[WhiteElo "2252"]
[BlackElo "2000"]
[WhiteClock "00:27:46"]
[BlackClock "00:00:36"]
[WhiteTeam "SG Bremen / Niedersachsen"]
[BlackTeam "Nordrhein-Westfalen"]
[PlyCount "81"]
[WhiteFideId "12956830"]
[BlackFideId "12983292"]
[EventCountry "GER"]
[EventRounds "7"]
[EventType "team-swiss"]
[EventDate "2021.10.01"]

1. e4 {[%clk 1:30:58]} c5 {[%clk 1:30:55]} 2. Nf3 {[%clk 1:31:21]} a6 {[%clk
1:31:20]} 3. c4 {[%clk 1:31:41]} Nc6 {[%clk 1:31:45]} 4. d4 {[%clk 1:32:02]}
cxd4 {[%clk 1:32:09]} 5. Nxd4 {[%clk 1:32:24]} e5 {[%clk 1:32:35]} 6. Nf5
{[%clk 1:32:44]} d6 {[%clk 1:32:56]} 7. Nc3 {[%clk 1:33:04]} g6 {[%clk
1:33:21]} 8. Ne3 {[%clk 1:33:27]} Bh6 {[%clk 1:33:45]} 9. Be2 {[%clk 1:33:40]}
Nge7 {[%clk 1:34:09]} 10. Nc2 {[%clk 1:32:53]} Bxc1 {[%clk 1:34:27]} 11. Rxc1
{[%clk 1:33:20]} f5 {[%clk 1:34:45]} 12. O-O {[%clk 1:32:39]} O-O {[%clk
1:35:07]} 13. Qd2 {[%clk 1:32:37]} fxe4 {[%clk 1:35:18]} 14. Rcd1 {[%clk
1:32:01]} e3 {[%clk 1:34:58]} 15. fxe3 {[%clk 1:31:43]} Rxf1+ {[%clk 1:34:55]}
16. Rxf1 {[%clk 1:17:38]} Nf5 {[%clk 1:32:25]} 17. Bf3 {[%clk 1:04:03]} Be6
{[%clk 1:24:22]} 18. Bd5 {[%clk 0:58:32]} Qe7 {[%clk 1:18:55]} 19. b3 {[%clk
0:55:59]} Rf8 {[%clk 1:00:17]} 20. Ne4 {[%clk 0:49:21]} Kg7 {[%clk 0:54:37]}
21. Qf2 {[%clk 0:37:54]} h5 {[%clk 0:43:25]} 22. h4 {[%clk 0:25:23]} Nd8 {[%clk
0:33:53]} 23. Ng5 {[%clk 0:25:13]} Bxd5 {[%clk 0:33:35]} 24. cxd5 {[%clk
0:24:28]} Qf6 {[%clk 0:33:17]} 25. e4 {[%clk 0:19:59]} Nh6 {[%clk 0:16:44]} 26.
Ne3 {[%clk 0:13:07]} Qxf2+ {[%clk 0:12:22]} 27. Rxf2 {[%clk 0:13:36]} Rxf2
{[%clk 0:12:12]} 28. Kxf2 {[%clk 0:14:04]} b5 {[%clk 0:11:06]} 29. Nc2 {[%clk
0:12:43]} Nb7 {[%clk 0:09:02]} 30. Ne6+ {[%clk 0:12:17]} Kf6 {[%clk 0:08:32]}
31. b4 {[%clk 0:10:06]} a5 {[%clk 0:04:19]} 32. a3 {[%clk 0:09:56]} Ng4+ {[%clk
0:03:31]} 33. Kf3 {[%clk 0:09:58]} Nh2+ {[%clk 0:03:07]} 34. Ke2 {[%clk
0:10:09]} Ng4 {[%clk 0:02:53]} 35. Ne3 {[%clk 0:07:08]} Nh6 {[%clk 0:01:31]}
36. Nc7 {[%clk 0:06:59]} axb4 {[%clk 0:01:22]} 37. axb4 {[%clk 0:07:26]} g5
{[%clk 0:01:25]} 38. g3 {[%clk 0:06:52]} gxh4 {[%clk 0:00:40]} 39. gxh4 {[%clk
0:07:09]} Ng8 {[%clk 0:00:38]} 40. Nf5 {[%clk 0:03:53]} Ne7 {[%clk 0:00:36]}
41. Ne8+ {[%clk 0:27:46]} 1-0

[Event "Deutsche Ländermeisterschaft 2021"]
[Site "Neumünster GER"]
[Date "2021.10.02"]
[Round "1"]
[White "Müdder, Melanie"]
[Black "Helms, Finn"]
[Result "0-1"]
[Termination "normal"]
[Board "2.5"]
[WhiteElo "1949"]
[BlackElo "1898"]
[WhiteClock "00:01:58"]
[BlackClock "00:01:52"]
[WhiteTeam "Nordrhein-Westfalen"]
[BlackTeam "SG Bremen / Niedersachsen"]
[PlyCount "68"]
[WhiteFideId "12994103"]
[BlackFideId "16249143"]
[EventCountry "GER"]
[EventRounds "7"]
[EventType "team-swiss"]
[EventDate "2021.10.01"]

1. e4 {[%clk 1:30:58]} c6 {[%clk 1:30:29]} 2. Nf3 {[%clk 1:31:12]} d5 {[%clk
1:30:51]} 3. Nc3 {[%clk 1:31:33]} dxe4 {[%clk 1:30:52]} 4. Nxe4 {[%clk
1:31:52]} Nf6 {[%clk 1:31:14]} 5. Qe2 {[%clk 1:32:07]} Nxe4 {[%clk 1:31:31]} 6.
Qxe4 {[%clk 1:32:15]} Nd7 {[%clk 1:31:53]} 7. Bc4 {[%clk 1:31:47]} Nf6 {[%clk
1:32:00]} 8. Ne5 {[%clk 1:32:01]} e6 {[%clk 1:32:16]} 9. Qe2 {[%clk 1:31:09]}
b5 {[%clk 1:31:28]} 10. Bd3 {[%clk 1:31:28]} Bb7 {[%clk 1:31:29]} 11. a4 {[%clk
1:30:56]} a6 {[%clk 1:31:29]} 12. b3 {[%clk 1:30:12]} Bd6 {[%clk 1:29:54]} 13.
Bb2 {[%clk 1:27:13]} Qc7 {[%clk 1:26:35]} 14. f4 {[%clk 1:09:49]} O-O {[%clk
1:18:38]} 15. O-O {[%clk 0:59:19]} Nd5 {[%clk 1:15:19]} 16. Qh5 {[%clk
0:35:36]} f5 {[%clk 1:05:58]} 17. Rae1 {[%clk 0:28:03]} Rae8 {[%clk 1:00:36]}
18. Rf3 {[%clk 0:22:43]} Nf6 {[%clk 0:46:36]} 19. Qh4 {[%clk 0:20:41]} bxa4
{[%clk 0:39:05]} 20. Rg3 {[%clk 0:13:39]} Bc5+ {[%clk 0:35:17]} 21. Ree3 {[%clk
0:09:37]} a3 {[%clk 0:32:39]} 22. Ba1 {[%clk 0:08:44]} Bxe3+ {[%clk 0:32:17]}
23. Rxe3 {[%clk 0:08:14]} a2 {[%clk 0:18:09]} 24. Bc4 {[%clk 0:05:36]} c5
{[%clk 0:13:41]} 25. Rh3 {[%clk 0:03:11]} Bd5 {[%clk 0:10:40]} 26. Qg5 {[%clk
0:02:24]} Bxc4 {[%clk 0:06:40]} 27. Nxc4 {[%clk 0:02:47]} Kh8 {[%clk 0:04:14]}
28. Qg6 {[%clk 0:01:31]} Kg8 {[%clk 0:03:10]} 29. Qg5 {[%clk 0:01:53]} Re7
{[%clk 0:02:25]} 30. Rg3 {[%clk 0:01:26]} Qd7 {[%clk 0:01:53]} 31. Rd3 {[%clk
0:01:07]} Qc7 {[%clk 0:01:46]} 32. Be5 {[%clk 0:01:15]} Qxe5 {[%clk 0:01:31]}
33. fxe5 {[%clk 0:01:38]} a1=Q+ {[%clk 0:01:52]} 34. Kf2 {[%clk 0:01:58]} Ne4+
0-1

[Event "Deutsche Ländermeisterschaft 2021"]
[Site "Neumünster GER"]
[Date "2021.10.02"]
[Round "1"]
[White "Pfeffer, Samuel"]
[Black "Besou, Hussain"]
[Result "0-1"]
[Termination "normal"]
[Board "2.6"]
[WhiteElo "1497"]
[BlackElo "1995"]
[WhiteClock "00:02:03"]
[BlackClock "00:36:56"]
[WhiteTeam "SG Bremen / Niedersachsen"]
[BlackTeam "Nordrhein-Westfalen"]
[PlyCount "74"]
[WhiteFideId "16249160"]
[BlackFideId "16269950"]
[EventCountry "GER"]
[EventRounds "7"]
[EventType "team-swiss"]
[EventDate "2021.10.01"]

1. d4 {[%clk 1:30:54]} Nf6 {[%clk 1:30:50]} 2. c4 {[%clk 1:31:12]} e6 {[%clk
1:31:09]} 3. Nc3 {[%clk 1:31:12]} Bb4 {[%clk 1:31:28]} 4. g3 {[%clk 1:30:54]}
c5 {[%clk 1:30:40]} 5. Nf3 {[%clk 1:30:56]} cxd4 {[%clk 1:30:09]} 6. Nxd4
{[%clk 1:30:39]} O-O {[%clk 1:29:07]} 7. Bg2 {[%clk 1:29:38]} a6 {[%clk
1:26:32]} 8. Qd3 {[%clk 1:28:23]} Nc6 {[%clk 1:26:01]} 9. Nc2 {[%clk 1:27:50]}
Be7 {[%clk 1:21:27]} 10. b3 {[%clk 1:25:27]} Qc7 {[%clk 1:18:36]} 11. O-O
{[%clk 1:23:20]} d6 {[%clk 1:18:21]} 12. Bb2 {[%clk 1:20:48]} Bd7 {[%clk
1:16:17]} 13. Rfd1 {[%clk 1:18:53]} Ne5 {[%clk 1:12:53]} 14. Qd2 {[%clk
1:17:24]} Rfd8 {[%clk 1:10:29]} 15. Rac1 {[%clk 1:11:12]} Rac8 {[%clk 1:08:11]}
16. Nd4 {[%clk 0:57:21]} Qb8 {[%clk 1:06:58]} 17. Ba3 {[%clk 0:53:56]} Nc6
{[%clk 1:01:32]} 18. Nc2 {[%clk 0:48:02]} Be8 {[%clk 1:01:43]} 19. Ne3 {[%clk
0:47:51]} b5 {[%clk 1:01:38]} 20. Bb2 {[%clk 0:45:38]} bxc4 {[%clk 1:00:21]}
21. Nxc4 {[%clk 0:45:12]} d5 {[%clk 1:00:18]} 22. Na3 {[%clk 0:43:43]} Bb4
{[%clk 0:49:35]} 23. Qd3 {[%clk 0:42:23]} Ne5 {[%clk 0:45:51]} 24. Qd4 {[%clk
0:35:58]} Neg4 {[%clk 0:42:00]} 25. e3 {[%clk 0:31:22]} Bc5 {[%clk 0:38:26]}
26. Qd3 {[%clk 0:30:03]} d4 {[%clk 0:38:07]} 27. exd4 {[%clk 0:26:53]} Rxd4
{[%clk 0:38:00]} 28. Qxa6 {[%clk 0:24:52]} Nxf2 {[%clk 0:38:10]} 29. Rxd4
{[%clk 0:22:29]} Bxd4 {[%clk 0:38:21]} 30. Ncb5 {[%clk 0:07:23]} Nd3+ {[%clk
0:35:50]} 31. Nxd4 {[%clk 0:06:48]} Nxc1 {[%clk 0:36:10]} 32. Qf1 {[%clk
0:05:13]} Nxa2 {[%clk 0:36:10]} 33. Ndc2 {[%clk 0:01:12]} Nc3 {[%clk 0:35:59]}
34. b4 {[%clk 0:01:22]} Qb6+ {[%clk 0:36:06]} 35. Kh1 {[%clk 0:01:49]} Nfe4
{[%clk 0:36:15]} 36. Bxe4 {[%clk 0:01:43]} Nxe4 {[%clk 0:36:39]} 37. Qf3 {[%clk
0:02:03]} Bc6 {[%clk 0:36:56]} 0-1